000 00838nam a22002297a 4500
005 20180525103145.0
010 _aENG-123099
020 _a9789352533367
_c850.00
035 _aB-686201-214
035 _aEN-106631
037 _bAsian
_adpl
082 _a657.42
100 _aTulsian, P.C.
245 _aTulsian's cost accounting :
_cby P.C. Tulsian [and] Bharat Tulsian
_bfor CA-IPC (Group-I) a self-study textbook /
250 _a9th ed
260 _aNew Delhi
_bS.Chand
_c2016
270 _a7361, Ram Nagar,
_bNew Delhi
_e110055
300 v _avarious pagings
_c25cm(pbk)
700 _aTulsian, Bharat
942 _2ddc
_cEN
_mTUL
_h657.42
999 _c145517
_d145517